000
00281nam a2200121Ia 4500
100
_a
National Productivity Council
942
_c
BK
654
_a
Inventory
245
_a
Inventory Control
260
_b
National Productivity Council
_c
2001
082
_a
658.787
546
_a
ENGLISH
999
_c
22471
_d
22471